[Event "9th Ferdowski Cup 2019"]
[Site "Mashhad"]
[Date "2019.03.02"]
[Round "3.4"]
[White "Gholami Orimi, Mahdi"]
[Black "Rastbod, Ali"]
[Result "0-1"]
[WhiteElo "2408"]
[BlackElo "2214"]
[Annotator "NA"]
[PlyCount "76"]
[EventDate "2019.03.01"]
[EventType "swiss"]
[EventCountry "IRI"]
[SourceTitle "playchess.com"]
[Source "ChessBase"]
[SourceQuality "1"]
[TimeControl "5400+30"]

1. d4 Nf6 {[%emt 0:09:45]} 2. c4 {[%emt 0:01:50]} e6 {[%emt 0:00:07]} 3. Nf3 {[%emt 0:00:28]} Bb4+ {[%emt 0:00:11]} 4. Nc3 {[%emt 0:02:01]} O-O {[%emt 0:00:47]} 5. e3 {[%emt 0:04:42]} d5 {[%emt 0:02:54]} 6. a3 {[%emt 0:02:05]} Bxc3+ {[%emt 0:02:51]} 7. bxc3 {[%emt 0:00:03]} c5 {[%emt 0:00:16]} 8. Bd3 {[%emt 0:07:29]} b6 {[%emt 0:01:48]} 9. cxd5 {[%emt 0:00:53]} exd5 {[%emt 0:00:06]} 10. Qe2 {[%emt 0:00:57]} Bg4 {[%emt 0:02:26]} 11. O-O {[%emt 0:01:53]} Nc6 {[%emt 0:04:12]} 12. Bb2 {[%emt 0:01:08]} Re8 {[%emt 0:02:53]} 13. Rad1 {[%emt 0:02:11]} c4 {[%emt 0:00:25]} 14. Bc2 {[%emt 0:01:52]} Ne4 {[%emt 0:00:10]} 15. h3 {[%emt 0:11:36]} Bh5 {[%emt 0:01:59]} 16. g4 {[%emt 0:08:51]} Bg6 {[%emt 0:00:02]} 17. Kg2 {[%emt 0:14:17]} f5 {[%emt 0:02:39]} 18. Ba4 {[%emt 0:02:17]} Qd6 {[%emt 0:25:21]} 19. Nh4 {[%emt 0:03:14]} f4 {[%emt 0:03:19]} 20. Bc2 {[%emt 0:13:05]} Qf6 {[%emt 0:07:25]} 21. Nxg6 {[%emt 0:01:22]} hxg6 {[%emt 0:00:01]} 22. Qf3 {[%emt 0:01:22]} fxe3 {[%emt 0:04:13]} 23. Qxe3 {[%emt 0:01:41]} Ng5 {[%emt 0:00:40]} 24. Qg3 {[%emt 0:02:36]} Re2 {[%emt 0:00:08]} 25. Rc1 {[%emt 0:01:32]} Rf8 {[%emt 0:04:54]} 26. a4 {[%emt 0:01:14]} Qe6 {[%emt 0:06:01]} 27. Ba3 {[%emt 0:06:22]} Rf3 {[%emt 0:00:53]} 28. Qh4 {[%emt 0:00:38]} Rxc2 {[%emt 0:03:28]} 29. Rxc2 {[%emt 0:02:34]} Qe4 {[%emt 0:00:25]} 30. Qxg5 {[%emt 0:01:26]} Rxc3+ {[%emt 0:01:19]} 31. f3 {[%emt 0:01:45]} Rxc2+ {[%emt 0:00:11]} 32. Kg3 {[%emt 0:01:46]} Qe2 {[%emt 0:01:43]} 33. Qxg6 {[%emt 0:00:28]} Nxd4 {[%emt 0:00:51]} 34. Qg5 {[%emt 0:00:44]} Qg2+ {[%emt 0:02:42]} 35. Kh4 {[%emt 0:00:04]} Nxf3+ {[%emt 0:00:09]} 36. Rxf3 {[%emt 0:00:20]} Qxf3 {[%emt 0:00:01]} 37. Qd8+ {[%emt 0:00:58]} Kh7 {[%emt 0:00:07]} 38. Qe8 {[%emt 0:00:29]} Qf6+ {[%emt 0:00:59]} 0-1

[Event "9th Ferdowski Cup 2019"]
[Site "Mashhad"]
[Date "2019.03.02"]
[Round "3.5"]
[White "Bagheri, Maziar"]
[Black "Grigoryan, Karen H."]
[Result "1/2-1/2"]
[WhiteElo "2260"]
[BlackElo "2571"]
[Annotator "TA"]
[PlyCount "137"]
[EventDate "2019.03.01"]
[EventType "swiss"]
[EventCountry "IRI"]
[SourceTitle "playchess.com"]
[Source "ChessBase"]
[SourceQuality "1"]

{[%evp 15,137,27,23,27,38,35,53,52,53,31,47,44,64,45,45,25,47,16,47,47,47,48,50,40,77,64,79,79,81,79,77,79,80,58,97,72,125,131,113,65,170,168,175,43,156,37,54,11,125,0,0,0,101,72,73,0,0,0,0,0,0,0,0,0,0,-141,-133,-354,0,0,0,0,0,0,0,0,0,0,0,0,0,-36,-36,-48,-50,-97,-97,-90,-90,-90,-27,-27,-20,-20,0,0,0,0,0,0,0,0,0,0,0,0,0,0,0,0,0,0,0,0,0,0,0,0,0,0,0,0,0,0]} 1. Nf3 g6 2. d4 Nf6 3. g3 b6 4. Bg2 Bb7 5. c4 e6 6. O-O Bg7 7. Nc3 Ne4 8. Nxe4 Bxe4 9. Bg5 {A50: Queen's Fianchetto Defence (1 d4 Nf6 2 c4 b6)} (9. Ne5 Bxg2 10. Kxg2 c5 11. Be3 Bxe5 12. dxe5 Qc7 13. Bd2 Nc6 14. Bc3 O-O-O 15. f4 h5 16. e3 g5 {0-1 (39) Fedoseev,V (2731)-Rodshtein,M (2695) Tbilisi 2017}) 9... Qc8 10. Qd2 h6 11. Be3 {White is slightly better.} d6 12. Rac1 Qb7 13. Rfd1 Nd7 14. b4 Nf6 15. h3 {[#]} Rd8 $146 ({Predecessor:} 15... a6 16. a4 b5 17. cxb5 axb5 {½-½ (34) Molina,R (2424)-Mekhitarian,K (2566) Joao Pessoa 2013}) 16. Bf1 a6 17. a4 {[%cal Ba2a4,Ba4a5][%mdl 32]} b5 18. cxb5 axb5 19. a5 $1 Nd5 20. Ne1 g5 21. f3 Bg6 22. Bf2 f5 23. e3 O-O 24. Nd3 Qa7 25. Re1 f4 ({Better is} 25... Rde8) 26. gxf4 Bxd3 27. Bxd3 {aiming for fxg5.} gxf4 (27... c5 $1 $14) 28. e4 $1 $18 {[%cal Re4d5]} ({Inferior is} 28. Bxb5 fxe3 29. Rxe3 Nxe3 $11) 28... Ne3 29. Bxb5 (29. d5 $1 $18) 29... Bxd4 (29... c5 $1 $14) 30. Kh1 (30. Bc6 $16) 30... c5 $1 $14 31. Rg1+ Kh7 {[#]} (31... Kh8 $11) 32. Bd3 (32. e5 $1 $16 Bxe5 33. Bxe3 fxe3 34. Qxe3) 32... e5 $11 33. b5 Qd7 (33... Rg8 $11 {remains equal.}) 34. Kh2 $16 Rg8 35. b6 (35. Qe2 $16) 35... Rxg1 $11 36. Rxg1 {Threatens to win with Qa2.} c4 $36 {[%mdl 2048] Black has good play.} 37. Bb1 Qb5 38. Kh1 Rg8 (38... Qd7 $5 39. Kh2 $8 Rg8 $11) 39. Rxg8 Kxg8 40. Qc1 (40. Ba2 $11 Kh7 41. Bxe3 fxe3 42. Qe2 Qxa5 43. b7) 40... Kh7 {And now ...c3 would win.} 41. Ba2 $2 {[#]} (41. Bc2 $17 {was the only chance.}) 41... Qxa5 $2 (41... c3 $1 $19 {[%cal Rc3c2] Hoping for ...c2.} 42. Qg1 d5) 42. b7 Qb4 43. Qb1 Qxb1+ 44. Bxb1 {[%mdl 4096] Endgame KBB-KBN} Ba7 45. Be1 Kg6 46. Bb4 Bb8 47. Ba2 Kg5 48. Kh2 Kf6 49. Kh1 Ke6 50. Bd2 d5 51. Bxe3 fxe3 $17 {KB-KB} 52. Kg2 c3 (52... d4 $17) 53. exd5+ $11 Kd6 {( -> ...c2)} 54. Bb3 {The position is equal.} Kc5 55. Kf1 Kb4 56. Bc2 Ka3 57. Ke2 Kb2 $1 {[%cal Rb2c2]} 58. Bd3 c2 59. Bxc2 $1 Kxc2 60. Kxe3 {KB-KP} Kc3 61. h4 h5 (61... Kc4 $5 62. Ke4 $8 h5 $11) 62. Ke4 Kc4 63. Kf5 Kxd5 {Strongly threatening ...Kd4. KB-K3P} 64. Kg5 Ke6 65. Kg6 Bd6 66. Kg5 Bc7 67. Kg6 Bd6 68. Kxh5 Kf6 (68... Kf5 $5) 69. Kh6 {Accuracy: White = 59%, Black = 60%.} 1/2-1/2

[Event "9th Ferdowski Cup 2019"]
[Site "Mashhad"]
[Date "2019.03.02"]
[Round "3.6"]
[White "Khodashenas, Mersad"]
[Black "Wallner, Joachim"]
[Result "1-0"]
[WhiteElo "2480"]
[BlackElo "2300"]
[Annotator "TA"]
[PlyCount "59"]
[EventDate "2019.03.01"]
[EventType "swiss"]
[EventCountry "IRI"]
[SourceTitle "playchess.com"]
[Source "ChessBase"]
[SourceQuality "1"]

{[%evp 28,59,35,27,39,38,43,40,58,48,45,35,47,34,43,43,60,23,16,33,35,1,30,25,43,32,465,462,904,919,910,450,910,905]} 1. e4 e5 2. Nf3 Nc6 3. Bb5 a6 4. Ba4 Nf6 5. O-O Be7 6. Re1 b5 7. Bb3 d6 8. c3 O-O 9. h3 Nb8 10. d4 Nbd7 11. Nbd2 {[%cal Bb1d2,Bd2f1,Bf1g3][%mdl 32]} Bb7 12. Bc2 Re8 13. Nf1 Bf8 14. Ng3 g6 15. a4 c6 {C95: Closed Ruy Lopez: Breyer Variation with 10 d4} 16. Bg5 h6 17. Be3 Qc7 {White is slightly better.} 18. Qd2 Kh7 {[#]} 19. axb5 $146 ({Predecessor:} 19. Bb3 exd4 20. cxd4 Nxe4 21. Nxe4 Rxe4 22. Bxh6 Bxh6 23. Ng5+ Bxg5 24. Qxg5 {1-0 (32) Navara,D (2734)-Mamedyarov,S (2747) Huaian 2016}) 19... axb5 20. Rxa8 Bxa8 21. Bb3 exd4 22. Bxd4 ({Much weaker is} 22. Nxd4 Nc5 $11) ({Reject} 22. Qxd4 c5 $11) 22... Ne5 23. Qe2 Qb7 24. Be3 c5 25. Nxe5 dxe5 26. Qf3 $36 {[%mdl 2048] White fights for an advantage.} Nxe4 $2 {[%mdl 8192]} (26... c4 $14) 27. Bxf7 $18 {White is clearly winning.} Rd8 {[#]} (27... Nxg3 $142 28. Qxb7 (28. fxg3 Qxf3 29. gxf3 Re7 $11) 28... Bxb7) 28. Bxg6+ $1 {[%mdl 576] Remove Defender, Decoy} Kxg6 29. Qf5+ {[%mdl 64] Double Attack} Kg7 {[#] aiming for ...Nxg3.} 30. Bxh6+ $1 {[%mdl 512] Accuracy: White = 77%, Black = 35%.} 1-0

[Event "9th Ferdowski Cup 2019"]
[Site "Mashhad"]
[Date "2019.03.03"]
[Round "4.1"]
[White "Rastbod, Ali"]
[Black "Aitbayev, Aslan"]
[Result "0-1"]
[WhiteElo "2214"]
[BlackElo "2441"]
[Annotator "TA"]
[PlyCount "106"]
[EventDate "2019.03.01"]
[EventType "swiss"]
[EventCountry "IRI"]
[SourceTitle "playchess.com"]
[Source "ChessBase"]
[SourceQuality "1"]

{[%evp 11,106,0,0,0,4,-3,0,0,20,19,6,0,-7,-6,0,-4,-8,-20,-12,-10,9,-53,-56,-56,-21,-56,-52,-70,0,0,0,0,70,81,77,24,121,133,115,0,0,0,7,7,0,-127,-33,-35,-34,-58,-65,-112,-1,-10,0,0,0,0,0,-18,0,0,29,29,17,-277,-283,-275,-271,-274,-272,-266,-277,-253,-233,-383,-243,-468,-379,-529,-487,-1000,-908,-1536,-1364,-29969,-29970,-29969,-29965,-29977,-29978,-29978,-29979,-29979,-29980,-29979,-29976]} 1. c4 e5 2. Nc3 Nf6 3. Nf3 Nc6 4. e3 Bb4 5. Qc2 Bxc3 6. bxc3 O-O 7. e4 {A28: English Opening: Four Knights Variation} d6 8. g3 Nh5 (8... Kh8 9. d3 Ng8 10. Nh4 Nge7 11. Bg2 f5 12. exf5 Nxf5 13. Nf3 Nfe7 14. O-O h6 {1-0 (71) So,W (2765)-Harikrishna,P (2729) Kolkata 2018}) 9. Nh4 {The position is equal.} Nf4 $146 ({Predecessor:} 9... Ne7 10. Be2 Nf6 11. d3 Ng6 12. Ng2 Bh3 13. Ne3 Qd7 14. Rg1 {½-½ (31) Gajewski,G (2641)-Volokitin,A (2638) Saint-Quentin 2014}) 10. Nf5 Ne6 11. Bg2 g6 $1 {[%cal Rg6f5]} 12. Ne3 f5 13. exf5 gxf5 14. Nxf5 Qf6 {aiming for ...Ned4.} 15. g4 $1 Ng7 {[%cal Rg7f5]} 16. Be4 ({White should try} 16. Rg1 $11) 16... Nxf5 $15 17. gxf5 Kh8 18. Rg1 Bxf5 19. Bxf5 e4 (19... Qxf5 $15 20. Qxf5 Rxf5) 20. d4 $1 $11 Qxf5 21. Be3 b5 (21... Na5 $11) 22. O-O-O $14 bxc4 23. Rg5 ({Better is} 23. Qa4 $16 Ne7 24. d5) 23... Qf3 (23... Qf6 $1 $11) 24. Qa4 $16 {[%mdl 1024] White has strong compensation.} Ne7 25. Qd7 ({White has to play} 25. d5 $1 $16 Ng6 26. Qxc4) 25... Rab8 $11 26. Re1 Qf6 {Hoping for ...Rb6.} 27. Reg1 Ng6 28. R5g4 {[#]} ({Much worse is} 28. Rh5 Rf7 $15) (28. Qxc7 $11 {keeps the balance.} d5 29. Rxd5) 28... Qf5 ({Resist} 28... Rf7 29. Qc6 $15) (28... d5 $1 $17 {[%mdl 512]} 29. Qxd5 Qa6 30. Qxe4 Qxa2) 29. Qxf5 $15 Rxf5 30. Rxe4 Rfb5 $1 {[%cal Rb5b1] ( -> ...Rb1+)} 31. Kd1 d5 (31... Rb1+ $17 32. Bc1 d5) 32. Reg4 $11 Rb2 $36 {[%mdl 2048] Black has good play.} 33. h4 Rxa2 34. h5 Ne7 35. Rg5 Rb1+ 36. Bc1 Rxf2 37. Re5 Ra2 38. Rg3 $2 {[%mdl 8192] [#]} (38. Rge1 $11 {and White is okay.} Ng8 39. Rxd5) 38... Raa1 $1 $19 39. Rxe7 {[%cal Re7e8]} Rxc1+ {[%mdl 4096] Endgame KRR-KRR} 40. Kd2 {[%cal Re7e8]} Rd1+ 41. Kc2 {[%cal Re7e8]} Re1 42. Rxe1 Rxe1 {KR-KR} 43. h6 (43. Kb2 {might work better.}) 43... Re6 44. Rg7 $2 (44. Rh3 {was necessary.}) 44... c6 45. Rxa7 {White threatens Ra8+ and mate.} Rxh6 46. Rc7 (46. Kd2 $142 Re6 47. Rf7) 46... Re6 47. Kb2 h5 48. Ka3 h4 {Black mates.} 49. Rf7 h3 50. Rf2 Rh6 51. Rh2 Kg7 52. Kb4 Kf6 53. Kc5 Kf5 {Accuracy: White = 37%, Black = 55%.} 0-1

[Event "9th Ferdowski Cup 2019"]
[Site "Mashhad"]
[Date "2019.03.03"]
[Round "4.2"]
[White "Kreisl, Robert"]
[Black "Mosadeghpour, Masoud"]
[Result "1/2-1/2"]
[WhiteElo "2427"]
[BlackElo "2542"]
[Annotator "RC"]
[PlyCount "68"]
[EventDate "2019.03.01"]
[EventType "swiss"]
[EventCountry "IRI"]
[SourceTitle "playchess.com"]
[Source "ChessBase"]
[SourceQuality "1"]
[TimeControl "5400+30"]

1. d4 {[%emt 0:00:00]} Nf6 {[%emt 0:02:18]} 2. Bg5 {[%emt 0:00:00]} d5 {[%emt 0:01:43]} 3. Bxf6 {[%emt 0:00:56]} exf6 {[%emt 0:00:08]} 4. e3 {[%emt 0:00:10]} Bd6 {[%emt 0:00:11]} 5. c4 {[%emt 0:01:20]} dxc4 {[%emt 0:01:02]} 6. Bxc4 {[%emt 0:00:07]} O-O {[%emt 0:00:06]} 7. Nc3 {[%emt 0:00:44]} c5 {[%emt 0:02:45]} 8. dxc5 {[%emt 0:03:42]} Be7 {[%emt 0:01:09]} 9. Qxd8 {[%emt 0:04:01]} Bxd8 {[%emt 0:00:02]} 10. Rc1 {[%emt 0:02:43]} Nd7 {[%emt 0:04:06]} 11. b4 {[%emt 0:02:44]} a5 {[%emt 0:00:14]} 12. a3 {[%emt 0:00:17]} axb4 {[%emt 0:00:31]} 13. axb4 {[%emt 0:00:02]} Ne5 {[%emt 0:02:33]} 14. Be2 {[%emt 0:00:58]} Nc6 {[%emt 0:03:06]} 15. b5 {[%emt 0:12:21]} Na5 {[%emt 0:06:27]} 16. Bd1 {[%emt 0:06:11]} Be6 {[%emt 0:01:20]} 17. Nf3 {[%emt 0:05:31]} Rc8 {[%emt 0:17:46]} 18. Na4 {[%emt 0:04:56]} Be7 {[%emt 0:00:19]} 19. Nd4 {[%emt 0:01:07]} Bc4 {[%emt 0:04:16]} 20. Bg4 {[%emt 0:12:34]} Rc7 {[%emt 0:24:19]} 21. b6 {[%emt 0:01:52]} Rxc5 {[%emt 0:00:01]} 22. Nxc5 {[%emt 0:00:07]} Bxc5 {[%emt 0:00:02]} 23. Be2 {[%emt 0:00:29]} Bxd4 {[%emt 0:00:30]} 24. Bxc4 {[%emt 0:00:27]} Bxb6 {[%emt 0:00:13]} 25. Bd5 {[%emt 0:01:39]} Rd8 {[%emt 0:00:02]} 26. e4 {[%emt 0:00:44]} f5 {[%emt 0:00:01]} 27. f3 {[%emt 0:02:51]} fxe4 {[%emt 0:01:02]} 28. fxe4 {[%emt 0:00:02]} Nc6 {[%emt 0:00:16]} 29. Bxc6 {[%emt 0:05:48]} Rc8 {[%emt 0:02:01]} 30. Rb1 {[%emt 0:00:37]} Rxc6 {[%emt 0:00:54]} 31. Ke2 {[%emt 0:00:17]} Re6 {[%emt 0:00:48]} 32. Kd3 Rd6+ {[%emt 0:00:44]} 33. Ke2 {[%emt 0:01:10]} Re6 {[%emt 0:00:06]} 34. Kd3 {[%emt 0:13:47]} Rd6+ {[%emt 0:00:21]} 1/2-1/2

[Event "9th Ferdowski Cup 2019"]
[Site "Mashhad"]
[Date "2019.03.03"]
[Round "4.3"]
[White "Lorparizangeneh, Shahin"]
[Black "Bagheri, Maziar"]
[Result "0-1"]
[WhiteElo "2493"]
[BlackElo "2260"]
[Annotator "TA"]
[PlyCount "52"]
[EventDate "2019.03.01"]
[EventType "swiss"]
[EventCountry "IRI"]
[SourceTitle "playchess.com"]
[Source "ChessBase"]
[SourceQuality "1"]

{[%evp 21,52,-35,-3,-3,18,-47,-37,-39,-15,-32,-22,-73,-50,-99,-93,-167,-170,-130,-45,-406,-406,-499,-501,-575,-556,-823,-822,-816,-812,-805,-787,-1547,-1143]} 1. e4 e5 2. Nf3 Nc6 3. Bc4 Bc5 4. O-O Nf6 5. d3 d6 6. c3 O-O 7. Re1 a6 {C54: Giuoco Piano: 4 c3 Nf6, main lines with 5 d4 and 5 d3} 8. a4 Ba7 (8... a5 9. h3 h6 10. Nbd2 Be6 11. Bb5 Na7 12. d4 Nxb5 13. axb5 exd4 14. Nxd4 Re8 15. Nf1 Bc4 16. Ng3 d5 17. e5 Ne4 18. Nxe4 dxe4 19. Rxe4 Qd5 20. Qf3 Bxd4 21. cxd4 Re6 22. Rf4 {½-½ (22) Giri,A (2783)-Anand,V (2773) Wijk aan Zee 2019}) 9. Nbd2 Ng4 10. Re2 Kh8 11. h3 Nh6 {LiveBook: 11 Games} 12. Nf1 f5 13. Bxh6 ({Better is} 13. Bg5 $11 Qe8 14. N1d2) 13... gxh6 $15 14. exf5 Bxf5 {aiming for ...d5.} 15. Bd5 $146 Qf6 16. N1h2 (16. Qd2 $11 {keeps the balance.}) 16... Bd7 {[%cal Bf5d7,Bd7c6,Bc6f3][%mdl 32]} 17. Qb3 Ne7 18. d4 (18. Qxb7 $17 {is a better defense.} Qg7 19. Nh4) 18... Nxd5 $19 19. Qxd5 {[%cal Rf3e5] [#]} Qg7 (19... Bc6 $1 $17 {[%cal Rc6d5]} 20. Qb3 Qg7) 20. Kh1 $2 {[%mdl 8192]} (20. Qxb7 $15 Bxh3 21. g3) 20... Bc6 ({Weaker is} 20... Rg8 21. Rg1 $15) 21. Qe6 Rf6 {Black is clearly winning.} (21... exd4 $2 22. cxd4 Bxd4 23. Qb3 $19) 22. Qc4 Rg8 {[%csl Gg8][%cal Rg7g2]} 23. Ng4 Rxf3 24. gxf3 Bxf3+ 25. Kh2 h5 26. Ne3 Qg5 {Precision: White = 16%, Black = 65%.} 0-1

[Event "9th Ferdowski Cup 2019"]
[Site "Mashhad"]
[Date "2019.03.03"]
[Round "4.4"]
[White "Daneshvar, Bardiya"]
[Black "Khodashenas, Mersad"]
[Result "0-1"]
[WhiteElo "2328"]
[BlackElo "2480"]
[Annotator "TA"]
[PlyCount "116"]
[EventDate "2019.03.01"]
[EventType "swiss"]
[EventCountry "IRI"]
[SourceTitle "playchess.com"]
[Source "ChessBase"]
[SourceQuality "1"]

{[%evp 17,116,11,21,10,15,2,10,3,0,0,26,14,27,0,0,-7,-4,-9,-9,-12,-14,-5,-11,-16,-7,-12,0,12,6,0,0,0,0,0,0,-56,-62,-61,-55,-140,-116,-116,-120,-118,-118,-166,-176,-163,-97,-95,0,-175,-168,-154,-177,-194,-173,-201,-191,-256,-195,-186,-183,-200,-193,-207,-187,-244,-237,-244,-240,-373,-357,-475,-453,-399,-346,-256,-296,-351,-344,-339,-337,-1508,-1477,-5713,-5613,-29949,-12652,-29962,-29963,-29963,-29964,-29965,-29965,-29974,-29974,-29977,-29978,-29981,-29982]} 1. d4 f5 2. Nf3 Nf6 3. g3 g6 4. b3 Bg7 5. Bb2 O-O 6. Bg2 d6 7. O-O Qe8 8. Nbd2 Nc6 {[%cal Bb8c6,Bc6d8,Bd8f7][%mdl 32]} 9. Re1 e5 {Threatening ...e4.} 10. e4 {A81: Dutch Defence: 2 g3} (10. dxe5 dxe5 11. e4 f4 12. h3 fxg3 13. fxg3 Nh5 14. Kh2 Be6 15. Qe2 Rd8 16. Rad1 a6 17. Nc4 b5 {0-1 (32) Donchenko,A (2577)-Marin,M (2580) Medias 2015}) 10... f4 $1 11. d5 Nd8 12. gxf4 {Black should prevent Nc4.The position is equal.} Nh5 13. fxe5 {aiming for Nc4.} Nf4 14. Re3 $146 ({Predecessor:} 14. Bh1 Bg4 15. Nc4 Nh3+ 16. Kf1 b5 17. exd6 bxc4 18. Bxg7 Kxg7 19. dxc7 {1-0 (35) Matjushin,O (2146)-Sivuk,V (2422) Odessa 2011}) 14... Nf7 15. Nc4 {e6 is the strong threat.} Bg4 $1 16. Qf1 {Threatens to win with e6.} Bxf3 17. Rxf3 Nxe5 18. Bxe5 Bxe5 19. Re1 Rf7 20. Bh3 Kg7 21. Be6 Rf8 22. Nxe5 dxe5 23. Bh3 Qe7 24. Ree3 Rf7 25. Be6 Rf6 26. Kh1 (26. Bh3 $11) 26... Raf8 $36 {[%mdl 2048] Hoping for ...Nxd5! Black fights for an advantage.} 27. Qd1 Qd6 28. Qg1 (28. Re1 $15) 28... Nxd5 ({Much worse is} 28... Nxe6 $6 29. Rxf6 Rxf6 30. dxe6 $11) 29. Rxf6 Nxf6 ({But not} 29... Nxe3 $6 30. Rxf8 Kxf8 31. fxe3 $11) 30. Bc4 Qd2 31. Re2 Qf4 32. Qg3 Qc1+ (32... Nxe4 $19 33. Qxf4 Rxf4) 33. Qg1 $17 Qf4 (33... Qb2 $17) 34. Qg3 $1 $19 Nxe4 35. Qxf4 Rxf4 {[%mdl 4096] Endgame KRB-KRN} 36. Kg2 Kf6 37. f3 Nc3 38. Re3 (38. Rd2 $142) 38... Nd1 39. Re1 {[#]} Rd4 $1 40. Bd3 Nc3 41. Kg3 a5 ({Don't take} 41... Nxa2 42. Ra1 $17) 42. a4 (42. h4 {might work better.}) 42... c6 43. Rf1 Nd5 44. Rc1 (44. Kf2 $142) 44... Nf4 45. Bf1 Rd2 46. c3 Rg2+ {[%mdl 64] [#] Deflection} 47. Bxg2 Ne2+ {[%mdl 64] Double Attack} 48. Kh4 Nxc1 {KB-KN} 49. b4 Ne2 50. bxa5 $2 (50. Bf1 Nxc3 51. bxa5) 50... g5+ 51. Kh3 Nf4+ 52. Kg3 Nxg2 53. Kxg2 {KP-KP} Kf5 {Black mates.} 54. Kg3 c5 55. c4 h6 56. h3 h5 57. a6 bxa6 58. a5 e4 {Accuracy: White = 35%, Black = 86%.} 0-1

[Event "9th Ferdowski Cup 2019"]
[Site "Mashhad"]
[Date "2019.03.03"]
[Round "4.5"]
[White "Mazur, Stefan"]
[Black "Li, Bo"]
[Result "0-1"]
[WhiteElo "2441"]
[BlackElo "2314"]
[Annotator "TA"]
[PlyCount "72"]
[EventDate "2019.03.01"]
[EventType "swiss"]
[EventCountry "IRI"]
[SourceTitle "playchess.com"]
[Source "ChessBase"]
[SourceQuality "1"]

{[%evp 13,72,7,31,33,33,27,33,27,26,31,48,25,36,33,31,19,50,37,30,25,57,60,53,51,87,74,116,104,104,29,43,34,77,87,94,47,73,47,64,22,36,0,0,0,0,-15,-16,-22,-18,-65,-70,-29,-35,-286,-270,-320,-312,-639,-633,-1170,-1165]} 1. e4 c5 2. Nf3 d6 3. d4 cxd4 4. Nxd4 Nf6 5. Nc3 a6 6. f4 Qc7 7. Bd3 Nc6 (7... e5 {with more complications.} 8. Nb3 Be7 9. O-O O-O 10. Qf3 Nbd7) 8. Nxc6 {B93: Sicilian Najdorf: 6 f4} (8. Nf3 e6 9. O-O Be7 10. Kh1 b5 11. Qe2 b4 12. Nd1 Nd7 13. Be3 Bb7 14. c4 a5 15. Nf2 Qb8 16. Rad1 Qc7 17. Rd2 h6 18. Rfd1 {0-1 (41) Rios Parra,A (2313)-Munoz Galvez,J (2330) Manizales 2017}) 8... bxc6 9. O-O g6 10. Qf3 {White is slightly better.} Nd7 11. b3 $146 ({Predecessor:} 11. Be3 Bg7 12. Rae1 O-O 13. Nd1 Qa5 14. a3 Rb8 15. c3 Qc7 {0-1 (40) Estrin,Y-Shmit,A Barnaul 1969}) 11... Bg7 12. Bb2 O-O 13. Nd1 {[%cal Bc3d1,Bd1b2,Bb2c4][%mdl 32]} Bxb2 14. Nxb2 Qa7+ 15. Kh1 Qd4 16. Nc4 Nc5 17. Rad1 Qc3 18. f5 Nd7 19. Qf4 a5 20. Qh4 {aiming for fxg6.} Qf6 {[#]} 21. Qxf6 (21. Qe1 $1 $16) 21... Nxf6 $11 22. e5 dxe5 23. Nxe5 Bb7 24. Bc4 {fxg6 is the strong threat.} Nd5 25. fxg6 hxg6 26. Rf3 Kg7 $1 27. Bf1 a4 28. c4 Nf6 29. Rfd3 axb3 30. Rxb3 Ne4 {[#] And now ...Nf2+ would win.} 31. Rd7 Bc8 32. Rxe7 Nd2 33. Rb2 $2 {[%mdl 8192]} (33. Rg3 $15 Kf6 34. Nxc6) 33... Nxf1 $19 34. Rf2 {[%cal Re5f7]} Ne3 35. Nxf7 $2 (35. Rexf7+ Rxf7 36. Rxf7+ Kh6 37. Rf2) 35... Nf5 36. Ne5+ Nxe7 {[%mdl 64] Discovered Attack. Accuracy: White = 38%, Black = 70%.} 0-1

[Event "9th Ferdowski Cup 2019"]
[Site "Mashhad"]
[Date "2019.03.03"]
[Round "4.6"]
[White "Sibashvili, Giorgi"]
[Black "Atakhan, Abtin"]
[Result "1/2-1/2"]
[WhiteElo "2419"]
[BlackElo "2207"]
[Annotator "TA"]
[PlyCount "67"]
[EventDate "2019.03.01"]
[EventType "swiss"]
[EventCountry "IRI"]
[SourceTitle "playchess.com"]
[Source "ChessBase"]
[SourceQuality "1"]

{[%evp 19,67,9,22,0,0,0,0,0,0,0,0,0,0,0,0,0,0,0,6,0,0,0,0,0,0,0,0,0,0,23,9,0,37,37,37,37,37,37,37,37,37,37,37,30,30,30,37,37,39,38]} 1. d4 Nf6 2. c4 g6 3. Nc3 Bg7 4. e4 d6 5. Be2 O-O 6. Bg5 c5 7. d5 e6 8. Qd2 exd5 9. exd5 Qb6 10. Nf3 Bf5 11. O-O {E75: King's Indian: Averbakh Variation: 6...c5 7 d5 e6} Ne4 12. Nxe4 Bxe4 13. Qe3 {The position is equal.} Bxf3 14. Bxf3 Nd7 15. Rab1 Rfe8 16. Qd2 Qc7 $146 ({Predecessor:} 16... a5 17. b3 Qb4 18. Qc1 Bd4 {1-0 (33) Jankovic,A (2582)-Arsovic,G (2392) Sarajevo 2017}) 17. Rfe1 Bd4 18. b3 a6 19. Rxe8+ Rxe8 20. Re1 Ne5 21. Kf1 {[#] Hoping for Bf6.} Qb8 22. Bd1 b5 23. f4 Nd7 24. Rxe8+ Qxe8 25. Qe2 Qxe2+ (25... Qc8 {looks sharper.} 26. g4 Nf6 27. Kg2 Kg7 28. Bh4 Qb7) 26. Bxe2 $11 {[%mdl 4096] Endgame KBB-KBN} f6 27. Bh4 b4 $1 28. g4 Kf7 29. Bd3 Nb6 30. Ke2 Nc8 31. Bg3 Ne7 32. h3 Kg7 33. Kf3 Kf7 34. Bh4 {Accuracy: White = 80%, Black = 98%.} 1/2-1/2